Word Ladder: Antonym Clues II Quiz Stats

 Plays Quiz Updated Apr 24, 2018

Challenge
Share
Tweet
Embed
Score 0/24 Timer 03:00
3 Plays Today
Clue for the Antonym (Opposite) 4-Letter Word % Correct
SucceedFAIL
92.1%
SpringFALL
91.9%
HairyBALD
91.8%
SoftHARD
90.6%
Won't WILL
89.1%
TameWILD
87.9%
CowardlyBOLD
83.9%
FootHAND
83.3%
Harsh*MILD*
78.2%
AgitatedCALM
77.2%
WhisperCALL
77%
IrritantBALM
73%
Clue for the Antonym (Opposite) 4-Letter Word % Correct
Close in a guessing game*COLD*
70.8%
Wise manFOOL
69.6%
HealHARM
67.8%
BodyMIND
66.2%
SupportFOIL
66.1%
Straight wireCOIL
65.8%
StagHIND
63%
Boring*COOL*
62.6%
Far away in a guessing game*WARM*
61.1%
SinceTILL
59.9%
FreewayTOLL
52.8%
Be idleTOIL
51%

Today's Daily Dose

Missing Word
US Newspapers

Word Ladder
Shawn Mendes

On This Day
October 18th II

You're not logged in!

Compare scores with friends on all Sporcle quizzes.
Join for Free
OR
Log In

You Might Also Like...

Show Comments

Extras

Top Quizzes Today


Score Distribution

Your Account Isn't Verified!

In order to create a playlist on Sporcle, you need to verify the email address you used during registration. Go to your Sporcle Settings to finish the process.

Report this User

Report this user for behavior that violates our Community Guidelines.

Details: